[Event "GER-ch Lands U20"]
[Site "Kassel"]
[Date "2003.10.23"]
[Round "7.2"]
[White "Strohhaeker, Raoul"]
[Black "Kuhn, Ulf"]
[Result "1-0"]
[WhiteElo "2106"]
[BlackElo "2013"]
[PlyCount "111"]
[EventDate "2003.10.19"]
[EventType "team"]
[EventRounds "7"]
[EventCountry "GER"]
[SourceTitle "EXT 2004"]
[Source "ChessBase"]
[SourceDate "2003.11.25"]
[SourceVersion "1"]
[SourceVersionDate "2003.11.25"]
[SourceQuality "1"]

1. c4 f5 2. Nc3 Nf6 3. g3 g6 4. Bg2 Bg7 5. d4 0-0 6. Nh3 Nc6 7. 0-0 d6 8. f4 Bd7 9. d5 Na5 10. Qd3 c5 11. Nf2 a6 12. b3 b5 13. Bb2 bxc4 14. bxc4 Rb8 15. Rab1 Rb4 16. Ncd1 Qb6 17. Bc3 Rxb1 18. Bxa5 Qb8 19. Qc2 Rb7 20. h3 Qe8 21. Nc3 Nh5 22. Kh2 g5 23. e3 gxf4 24. gxf4 Qg6 25. Nh1 Kh8 26. Bf3 Qh6 27. Bxh5 Qxh5 28. Ng3 Qf7 29. Qe2 Be8 30. Rg1 e6 31. dxe6 Qxe6 32. Qg2 Qd7 33. h4 Qc6 34. Qe2 Qd7 35. Rg2 Qe7 36. Qf3 Rb8 37. Nd5 Rb2 38. Rxb2 Bxb2 39. e4 fxe4 40. Nxe4 Qe6 41. Bc3+ Bxc3 42. Qxc3+ Kg8 43. Ndf6+ Rxf6 44. Nxf6+ Kf7 45. Nxh7 Qe2+ 46. Kg3 Bc6 47. Ng5+ Kg6 48. h5+ Kf5 49. Nf3 Qxa2 50. Nh4+ Ke6 51. Qg7 Qb3+ 52. Kg4 d5 53. Ng6 Qd1+ 54. Kg5 Qg1+ 55. Kh6 Kf5 56. Qe5+ 1-0